|
|
|
|
| LEADER |
00000nab a2200000uu 4500 |
| 001 |
vtls011437841 |
| 003 |
SK-MaSNL |
| 005 |
20260303145637.0 |
| 008 |
230222| xo |||||||||||||||||cze| |
| 015 |
|
|
|a SNBRB
|
| 035 |
|
|
|a (urnnbn)urn:nbn:sk:snk:ar-002mgk
|
| 035 |
|
|
|a (uuid)bc31ad02-d742-4a8d-94b1-fb08657140d1
|
| 035 |
|
|
|a urn:nbn:sk:snk-abccwo
|
| 040 |
|
|
|a SNKBUCL
|b slo
|c SNKBUCL
|e AACR2
|
| 041 |
0 |
|
|a cze
|
| 044 |
|
|
|a xo
|c SK
|
| 100 |
1 |
|
|a Chaloupecký, Josef
|4 aut
|9 290993
|
| 245 |
1 |
0 |
|a Dopravní výchova v mateřské škole
|c Josef Chaloupecký
|
| 773 |
0 |
|
|t Predškolská výchova : pedagogický časopis pre učiteľky materských škôl
|g Roč. 30, č. 8 (1975-1976), s. 233
|
| 958 |
|
|
|a OND
|
| 958 |
|
|
|a EUIPO
|
| 958 |
|
|
|a article16
|
| 999 |
|
|
|c 2004285
|d 2006215
|